Top 100 Singles of All Time - Statistics

General Stats
  • This quiz has been taken 31 times
  • The average score is 25 of 100
Answer Stats
Artist Single % Correct
#6: The Beach Boys Good Vibrations / Let's Go Away for a While
65%
#1: The Beach Boys Wouldn't It Be Nice / God Only Knows
65%
#52: The Clash Train in Vain (Stand by Me) / London Calling
58%
#16: The Jimi Hendrix Experience Voodoo Chile (Slight Return) / Hey Joe / All Along the Watchtower
58%
#78: The Mama's & The Papa's California Dreamin' / Somebody Groovy
54%
#3: David Bowie "Heroes" / V-2 Schneider
54%
#84: The Clash London Calling / Armagideon Time
54%
#12: Joy Division Love Will Tear Us Apart / These Days
54%
#56: The Jimi Hendrix Experience All Along the Watchtower / Long Hot Summer Night
50%
#31: David Bowie Space Oddity / Wild Eyed Boy From Freecloud
50%
#19: Kate Bush Wuthering Heights / Kite
50%
#38: Otis Redding (Sittin' On) The Dock of the Bay / Sweet Lorene
46%
#90: The Beach Boys God Only Knows / Caroline, No
42%
#97: Marvin Gaye I Heard It Through the Grapevine / You're What's Happening (In the World Today)
42%
#58: Grandmaster Flash & the Furious Five The Message
42%
#36: Lou Reed Walk on the Wild Side / Perfect Day
42%
#57: Marvin Gaye What's Going On / God Is Love
42%
#17: New Order Blue Monday / The Beach
38%
#8: Radiohead Let Down / Karma Police
38%
#4: The Beatles Penny Lane / Strawberry Fields Forever
38%
#21: David Bowie Starman / Suffragette City
38%
#20: The Ronettes Be My Baby / Tedesco and Pitman
35%
#50: Kraftwerk Computer Love / The Model
35%
#71: Radiohead Karma Police
35%
#80: Joy Division Transmission / Novelty
35%
#86: Prince When Doves Cry / 17 Days
35%
#24: Depeche Mode Enjoy the Silence / Memphisto
31%
#98: The Beach Boys I Get Around / Don't Worry Baby
31%
#2: David Bowie Life on Mars? / The Man Who Sold the World
31%
#10: Television Marquee Moon
31%
#70: Radiohead No Surprises
31%
#59: Talking Heads Once in a Lifetime / Born Under Punches (The Heat Goes On) / Houses in Motion / Once in a Lifetime (Edit)
31%
#18: Talking Heads Once in a Lifetime / Seen and Not Seen
31%
#15: Radiohead Paranoid Android
31%
#11: Kate Bush Running Up That Hill / Under the Ivy
31%
#7: The Velvet Underground & Nico Sunday Morning / Femme Fatale
31%
#69: Pink Floyd Time / Us and Them
31%
#44: The Kinks Waterloo Sunset / Act Nice and Gentle
31%
#96: The Smashing Pumpkins 1979
27%
#43: David Bowie Ashes to Ashes / Move On
27%
#26: The Smiths How Soon Is Now? / Well I Wonder
27%
#28: The Cure Just Like Heaven / Snow in Summer
27%
#29: Bob Dylan Like a Rolling Stone / Gates of Eden
27%
#53: The Rolling Stones Paint It, Black / Long Long While
27%
#46: Sam Cooke Shake / A Change Is Gonna Come
27%
#30: The Beatles Something / Come Together
27%
#5: The Smiths There is a Light That Never Goes Out
27%
#62: New Order Bizarre Love Triangle / Bizarre Dub Triangle
23%
#77: Wu-Tang Clan C.R.E.A.M. (Cash Rules Everything Around Me) / Da Mystery of Chessboxin'
23%
#61: Mazzy Star Fade Into You
23%
#74: Billie Holiday and Her Orchestra Strange Fruit / Fine and Mellow
23%
#23: Sonic Youth Teenage Riot / Silver Rocket / Kissability
23%
#63: Simon & Garfunkel The Sounds of Silence / We've Got a Groovey Thing Goin'
23%
#32: The Smiths This Charming Man / Jeane
23%
#42: The Velvet Underground Venus in Furs / All Tomorrow's Parties
23%
#65: Pixies Where is My Mind?
23%
#87: The Cure A Forest / Another Journey by Train
19%
#81: Pixies Debaser
19%
#33: King Crimson Epitaph / 21st Century Schizoid Man
19%
#91: Buzzcocks Ever Fallen in Love (With Someone You Shouldn't've?) / Just Lust
19%
#67: Dead Kennedys Holiday in Cambodia / Police Truck
19%
#9: Radiohead How to Disappear Completely
19%
#49: David Bowie Sound and Vision / A New Career in a New Town
19%
#73: Dave Brubeck Quartet Take Five / Blue Rondo a la Turk
19%
#83: Massive Attack Teardrop
19%
#64: Echo & the Bunnymen The Killing Moon / Do It Clean
19%
#39: Love Alone Again Or / A House is Not a Motel
15%
#14: Joy Division Atmosphere / She's Lost Control
15%
#99: The Who Baba O'Riley / I Can't Explain
15%
#75: Björk Hyper-Ballad
15%
#51: My Bloody Valentine Only Shallow
15%
#79: Nick Drake Pink Moon
15%
#13: My Bloody Valentine When You Sleep
15%
#82: LCD Soundsystem All My Friends
12%
#47: Cocteau Twins Heaven or Las Vegas
12%
#22: Radiohead Idioteque
12%
#68: David Bowie Lazarus
12%
#41: Curtis Mayfield Move On Up / Beautiful Brother of Mine / Give It Up
12%
#35: Arcade Fire Neighborhood #1 (Tunnels) / My Buddy
12%
#54: The Cure Pictures of You
12%
#27: Talking Heads This Must Be the Place (Naive Melody) / Moon Rocks
12%
#55: Angelo Badalamenti Twin Peaks Theme
12%
#89: The Zombies Care of Cell 44 / Maybe After He's Gone
8%
#25: New Order Ceremony / In a Lonely Place
8%
#37: Kate Bush Cloudbusting / Burning Bridge
8%
#40: Björk Jóga
8%
#100: American Football Never Meant
8%
#95: Arcade Fire Rebellion (Lies)
8%
#66: Radiohead Reckoner
8%
#34: Mobb Deep Shook Ones Part II / Shook Ones Part I
8%
#93: The Kinks Sunny Afternoon / I'm Not Like Everybody Else
8%
#60: King Crimson The Court of the Crimson King (Parts 1 & 2)
8%
#92: Big Star Thirteen / Watch the Sunrise
8%
#45: Slowdive Alison
4%
#88: The Rolling Stones Gimmie Shelter / Country Honk
4%
#76: Portishead Glory Box
4%
#48: Kanye West Runaway
4%
#85: Joy Division Licht und Blindheit
0%
#72: Pete Rock & C.L. Smooth They Reminisce Over You (T.R.O.Y.) / Creator
0%
#94: The Beatles We Can Work It Out / Day Tripper
0%
No matching quizzes found
Score Distribution
Percent of People with Each Score
Percentile by Number Answered
Your Score History
You have not taken this quiz